Normal view
MARC view
- NC ABDUL REHMAN NC DANIAL AHMAD NC IJAZ AHMED
Entry Personal Name
001 - CONTROL NUMBER
- control field: 122794
003 - CONTROL NUMBER IDENTIFIER
- control field: NUST
005 - DATE AND TIME OF LATEST TRANSACTION
- control field: 20240521185414.0
008 - FIXED-LENGTH DATA ELEMENTS
- fixed length control field: 240521|| aca||aabn | a|a d
040 ## - CATALOGING SOURCE
- Original cataloging agency: NUST
- Transcribing agency: NUST
100 ## - HEADING--PERSONAL NAME
- Personal name: NC ABDUL REHMAN NC DANIAL AHMAD NC IJAZ AHMED
670 ## - SOURCE DATA FOUND
- Source citation: Work cat.: (NUST): NC ABDUL REHMAN NC DANIAL AHMAD NC IJAZ AHMED, PR-SOF-2293-Design and fabrication of an Ornithopter, 2023.
